Human rights and gender violence: translating international law into local justice
Introduction: Culture and transnationalism -- Creating human rights -- Gender violence and the CEDAW process -- Disjunctures between global law and local justice -- Legal transplants and cultural translation : making human rights in the vernacular -- Localizing human rights and rights consciousness...
| Main Author: | |
|---|---|
| Format: | Print Book |
| Language: | English |
| Published: |
Chicago London
University of Chicago Press
2006
|
| In: | Year: 2006 |
| Online Access: |
Autorenbiografie (Publisher) Table of Contents Verlagsangaben (Publisher) |
| Availability in Tübingen: | Present in Tübingen. UB: KB 20 A 1848 |
| Check availability: | HBZ Gateway |
| Subito Delivery Service: | Order now. |
| Keywords: |
MARC
| LEADER | 00000cam a2200000 c 4500 | ||
|---|---|---|---|
| 001 | 485614480 | ||
| 003 | DE-627 | ||
| 005 | 20251223205954.0 | ||
| 007 | tu | ||
| 008 | 050504s2006 xxu||||| 00| ||eng c | ||
| 010 | |a 2005011951 | ||
| 016 | 7 | |a 013301054 |2 UK | |
| 020 | |a 0226520749 |c (pbk. : alk. paper) |9 0-226-52074-9 | ||
| 020 | |a 0226520730 |c (cloth : alk. paper) |9 0-226-52073-0 | ||
| 024 | 8 | |a 2005011951 |q Identnummer | |
| 035 | |a (DE-627)485614480 | ||
| 035 | |a (DE-576)250423324 | ||
| 035 | |a (DE-599)GBV485614480 | ||
| 035 | |a (OCoLC)845891731 | ||
| 035 | |a (OCoLC)59881669 | ||
| 035 | |a (AT-OBV)AC04995244 | ||
| 040 | |a DE-627 |b ger |c DE-627 |e rakwb | ||
| 041 | |a eng | ||
| 044 | |c XD-US |c XA-GB | ||
| 050 | 0 | |a HQ1237 | |
| 050 | 0 | |a HQ1237.M47 2006 | |
| 082 | 0 | |a 362.88/082 |q LOC |2 22 | |
| 084 | |a 2 |2 ssgn | ||
| 084 | |a PR 2213 |2 rvk |0 (DE-625)rvk/139532: | ||
| 084 | |a 86.41 |2 bkl | ||
| 084 | |a 86.85 |2 bkl | ||
| 084 | |a 71.25 |2 bkl | ||
| 100 | 1 | |a Merry, Sally Engle |d 1944-2020 |0 (DE-588)133499715 |0 (DE-627)546727778 |0 (DE-576)166395196 |4 aut | |
| 109 | |a Merry, Sally Engle 1944-2020 |a Engle Merry, Sally 1944-2020 | ||
| 245 | 1 | 0 | |a Human rights and gender violence |b translating international law into local justice |c Sally Engle Merry |
| 264 | 1 | |a Chicago |a London |b University of Chicago Press |c 2006 | |
| 300 | |a ix, 269 Seiten |c 23 cm | ||
| 336 | |a Text |b txt |2 rdacontent | ||
| 337 | |a ohne Hilfsmittel zu benutzen |b n |2 rdamedia | ||
| 338 | |a Band |b nc |2 rdacarrier | ||
| 490 | 0 | |a Chicago series in law and society | |
| 500 | |a Includes bibliographical references (p. [245]-262) and index | ||
| 505 | 8 | |a Introduction: Culture and transnationalism -- Creating human rights -- Gender violence and the CEDAW process -- Disjunctures between global law and local justice -- Legal transplants and cultural translation : making human rights in the vernacular -- Localizing human rights and rights consciousness -- Conclusions | |
| 520 | |a Introduction: Culture and transnationalism -- Creating human rights -- Gender violence and the CEDAW process -- Disjunctures between global law and local justice -- Legal transplants and cultural translation : making human rights in the vernacular -- Localizing human rights and rights consciousness -- Conclusions. | ||
| 583 | 1 | |a Archivierung prüfen |c 20240324 |f DE-4165 |z 3 |2 pdager | |
| 650 | 0 | |a Women |x Violence against | |
| 650 | 0 | |a Women |x Legal status, laws, etc | |
| 650 | 0 | |a Women |x Violence against | |
| 650 | 0 | |a Women |x Legal status, laws, etc | |
| 650 | 0 | |a Human Rights | |
| 650 | 0 | |a Culture and law | |
| 650 | 0 | |a Culture conflict | |
| 655 | 7 | |a Aufsatzsammlung |0 (DE-588)4143413-4 |0 (DE-627)105605727 |0 (DE-576)209726091 |2 gnd-content | |
| 689 | 0 | 0 | |d s |0 (DE-588)4018202-2 |0 (DE-627)104270705 |0 (DE-576)208923209 |a Frau |2 gnd |
| 689 | 0 | 1 | |d s |0 (DE-588)4074725-6 |0 (DE-627)106088556 |0 (DE-576)209195088 |a Menschenrecht |2 gnd |
| 689 | 0 | 2 | |d s |0 (DE-588)4078782-5 |0 (DE-627)106076329 |0 (DE-576)20921001X |a Verbrechensopfer |2 gnd |
| 689 | 0 | 3 | |d s |0 (DE-588)4134078-4 |0 (DE-627)105675423 |0 (DE-576)209649224 |a Rechtsstellung |2 gnd |
| 689 | 0 | 4 | |d s |0 (DE-588)4157237-3 |0 (DE-627)105502421 |0 (DE-576)209832878 |a Gewalttätigkeit |2 gnd |
| 689 | 0 | |5 DE-101 | |
| 689 | 1 | 0 | |d s |0 (DE-588)4018202-2 |0 (DE-627)104270705 |0 (DE-576)208923209 |a Frau |2 gnd |
| 689 | 1 | 1 | |d s |0 (DE-588)4157237-3 |0 (DE-627)105502421 |0 (DE-576)209832878 |a Gewalttätigkeit |2 gnd |
| 689 | 1 | 2 | |d s |0 (DE-588)4078782-5 |0 (DE-627)106076329 |0 (DE-576)20921001X |a Verbrechensopfer |2 gnd |
| 689 | 1 | 3 | |d s |0 (DE-588)4074725-6 |0 (DE-627)106088556 |0 (DE-576)209195088 |a Menschenrecht |2 gnd |
| 689 | 1 | 4 | |d s |0 (DE-588)4134078-4 |0 (DE-627)105675423 |0 (DE-576)209649224 |a Rechtsstellung |2 gnd |
| 689 | 1 | |5 (DE-627) | |
| 856 | 4 | 2 | |u http://www.gbv.de/dms/spk/sbb/toc/485614480.pdf |m V:DE-601 |m B:DE-1 |q pdf/application |x Verlag |y Inhaltsverzeichnis |3 Inhaltsverzeichnis |7 1 |
| 856 | 4 | 2 | |u http://www.loc.gov/catdir/enhancements/fy0622/2005011951-b.html |v 2016-10-04 |x Verlag |3 Autorenbiografie |7 1 |
| 856 | 4 | 2 | |u http://www.loc.gov/catdir/enhancements/fy0622/2005011951-d.html |v 2016-10-04 |x Verlag |3 Verlagsangaben |7 1 |
| 935 | |i Blocktest | ||
| 936 | r | v | |a PR 2213 |b Menschenrecht, Bürgerrecht, Grundrecht, Kinderschutz, Kinderrechtskonvention |k Rechtswissenschaft |k Völkerrecht |k Einzelgebiete des Völkerrechts im Frieden |k Menschenrecht, Bürgerrecht, Grundrecht, Kinderschutz, Kinderrechtskonvention |0 (DE-627)1270708325 |0 (DE-625)rvk/139532: |0 (DE-576)200708325 |
| 936 | b | k | |a 86.41 |j Kriminologie |0 (DE-627)181572001 |
| 936 | b | k | |a 86.85 |j Menschenrechte |0 (DE-627)106413236 |
| 936 | b | k | |a 71.25 |j Sexualität |x Soziologie |0 (DE-627)106409050 |
| 951 | |a BO | ||
| ELC | |b 1 | ||
| LOK | |0 000 xxxxxcx a22 zn 4500 | ||
| LOK | |0 001 324390062X | ||
| LOK | |0 003 DE-627 | ||
| LOK | |0 004 485614480 | ||
| LOK | |0 005 20060320114134 | ||
| LOK | |0 008 060123||||||||||||||||ger||||||| | ||
| LOK | |0 040 |a DE-21 |c DE-627 |d DE-21 | ||
| LOK | |0 852 |a DE-21 | ||
| LOK | |0 852 1 |c KB 20 A 1848 |9 00 | ||
| LOK | |0 935 |a krim | ||
| LOK | |0 936ln |a k10.10.2 | ||
| LOK | |0 938 |l 20/03/06 |8 6 | ||
| LOK | |0 939 |a 23-01-06 |b l01 | ||
| ORI | |a SA-MARC-krimdoka001.raw | ||
| SIG | |a UB: KB 20 A 1848 | ||
